British Standard Code of practice. Part 1. Lining of vessels and equipment for chemical processes. Part 1. Rubber (Record no. 73305)

MARC details
000 -LEADER
fixed length control field 00520nam a2200157Ia 4500
245 #0 - TITLE STATEMENT
Title British Standard Code of practice. Part 1. Lining of vessels and equipment for chemical processes. Part 1. Rubber
260 ## - PUBLICATION, DISTRIBUTION, ETC. (IMPRINT)
Place of publication London
260 ## - PUBLICATION, DISTRIBUTION, ETC. (IMPRINT)
Year of publication 1967
Name of publisher British Standards Institution
490 ## - SERIES STATEMENT
Series statement British Standard Code of Practice
500 ## - GENERAL NOTE
General note Standard number: CP 3003: Part 1
650 ## - SUBJECT ADDED ENTRY--TOPICAL TERM
Topical Term Chemical processes
650 ## - SUBJECT ADDED ENTRY--TOPICAL TERM
Topical Term Rubber
650 ## - SUBJECT ADDED ENTRY--TOPICAL TERM
Topical Term Vessels lining
942 ## - ADDED ENTRY ELEMENTS (KOHA)
Koha item type Standards
Holdings
Withdrawn status Lost status Damaged status Not for loan Home library Current library Date acquired Koha item type
      Standards RRII Library RRII Library 31/12/2021 Standards